000 00716nam a2200241Ia 4500
003 OSt
005 20220925235027.0
006 a|||||r|||| 00| 0
007 ta
008 220923b |||||||| |||| 00| 0 eng d
037 _cGeneral Book
040 _aRTL
_cRTL
_beng
041 _2eng
_aeng
082 _aU43.273.3C.N8, M6
100 _aSinha Savita
_9300915
245 0 _aRegional structure, processes and patterns of the
260 _a New Delhi
_bConcept Publications
_c1986
300 _axii,213p
_ccm.
500 _aBibliography P 197-203; Appendix P 204-10
650 _aUrban Geography
942 _hU43.273.3C.N8, M6
_cGB
_2CC
999 _c596650
_d596650